Academic reading: reading and writing across the disciplines/
Enregistré dans:
| Auteur principal: | |
|---|---|
| Autres auteurs: | |
| Format: | Livre |
| Publié: |
London:
Broadview Press,
c1995.
|
| Sujets: | |
| Tags: |
Ajouter un tag
Pas de tags, Soyez le premier à ajouter un tag!
|
MARC
| LEADER | 00000nam a2200000 4500 | ||
|---|---|---|---|
| 005 | 20251010083214.0 | ||
| 020 | |a 1551110571 |c TZS 10000/= | ||
| 040 | |a MCCL |b eng. |e AACR 2nd rev. ed. | ||
| 082 | |a 808.042 GIL | ||
| 100 | |a Giltrow, Janet | ||
| 245 | |a Academic reading: |b reading and writing across the disciplines/ |c Janet Giltrow | ||
| 260 | |a London: |b Broadview Press, |c c1995. | ||
| 300 | |a 444p. : |b ill. ; |c 23 cm. | ||
| 546 | |a eng. | ||
| 650 | |a Academic writing | ||
| 650 | |a English language | ||
| 650 | |a College readers | ||
| 700 | |a Giltrow, J. | ||
| 942 | |c BK | ||
| 999 | |c 12427 |d 12427 | ||